| 000 | 00378cam a2200145ua 4500 | ||
|---|---|---|---|
| 003 | OSt | ||
| 008 | 240223b |||||||| |||| 00| 0 eng d | ||
| 041 | _aeng | ||
| 082 |
_a630.71 _bBHA/AG |
||
| 100 |
_aBhatia, J.S . _96111 |
||
| 245 | _aAgricultural Education / | ||
| 260 |
_aNew Delhi : _bIndian Council for Agricultural Research , _c2001. |
||
| 300 | _a273 ; . | ||
| 942 | _cBK | ||
| 999 |
_c12391 _d12391 |
||